PMI Report on commercial development activity (Record no. 106070)

MARC details
000 -LEADER
fixed length control field 01506cam a2200277 4500
001 - CONTROL NUMBER
control field ##L135455
008 - FIXED-LENGTH DATA ELEMENTS--GENERAL INFORMATION
fixed length control field 061027n2006 000 0 eng u
035 ## - SYSTEM CONTROL NUMBER
System control number (Sirsi) u135455
041 0# - LANGUAGE CODE
Language code of text/sound track or separate title eng
050 04 - LIBRARY OF CONGRESS CALL NUMBER
Classification number 338.47624 $2 18
100 1# - MAIN ENTRY--PERSONAL NAME
Personal name Pillow, Michael
110 2# - MAIN ENTRY--CORPORATE NAME
Corporate name or jurisdiction name as entry element Savills
9 (RLIN) 2020
245 00 - TITLE STATEMENT
Title PMI Report on commercial development activity
Remainder of title October 2006
260 3# - PUBLICATION, DISTRIBUTION, ETC.
Place of publication, distribution, etc. London
Name of publisher, distributor, etc. Savills
Date of publication, distribution, etc. October 2006
490 #0 - SERIES STATEMENT
Series statement Savills PMI Report on Commercial Development
Volume/sequential designation October 2006
505 1# - FORMATTED CONTENTS NOTE
Formatted contents note September sees rebound in commercial property activity, led by private sector build -- Tables and graphs
520 ## - SUMMARY, ETC.
Summary, etc. The report contains the latest data from the Savills PMI survey of business conditions in the commercial property sector. The survey is based on monthly questionnaires completed by executives across the commercial property sector. Commercial construction companies indicated a marked expansion of both private and public sector activity. The latest increase in work on public sector projects was the sharpest for six months, but remained down on that recorded for private sector activity.
590 ## - LOCAL NOTE (RLIN)
Local note IKA 311006
650 24 - SUBJECT ADDED ENTRY--TOPICAL TERM
Topical term or geographic name entry element SAVILLS PMI REPORT ON COMMERCIAL DEVELOPMENT ACTIVITY
650 24 - SUBJECT ADDED ENTRY--TOPICAL TERM
Topical term or geographic name entry element SAVILLS PMI REPORT ON COMMERCIAL DEVELOPMENT
651 #4 - SUBJECT ADDED ENTRY--GEOGRAPHIC NAME
Geographic name United Kingdom
Chronological subdivision
690 ## - LOCAL SUBJECT ADDED ENTRY--TOPICAL TERM (OCLC, RLIN)
Topical term or geographic name as entry element PROPERTY-COMMERCIAL PROPERTY-COMMERCIAL PROPERTY MARKET
700 1# - ADDED ENTRY--PERSONAL NAME
Personal name Oakley, Mat
856 40 - ELECTRONIC LOCATION AND ACCESS
Uniform Resource Identifier <a href="https://www.savills.co.uk">https://www.savills.co.uk</a>
Public note View the item free of charge at www.savills.co.uk...
942 ## - ADDED ENTRY ELEMENTS (KOHA)
Suppress in OPAC 0
Holdings
Withdrawn status Lost status Source of classification or shelving scheme Damaged status Not for loan Home library Current library Shelving location Date acquired Total Checkouts Full call number Barcode Date last seen Copy number Price effective from Koha item type
    Dewey Decimal Classification     Virtual Virtual Online 27/10/2006   ONLINE PUBLICATION 135455-1001 06/08/2019 1 06/08/2019 Book